[Event "Tourn. n9688"]
[Site "www.chess-mail.com"]
[Date "2018.03.07"]
[Round "1"]
[White "Piriot"]
[Black "Aniruddhadg"]
[WhiteElo "2500"]
[BlackElo "2360"]
[Result "1/2-1/2"]
[Round "1"]
1.Ng1f3 Ng8f6
2.d4 d5
3.c4 c6
4.Nb1c3 e6
5.Bc1g5 h6
6.Bg5xf6 Qd8xf6
7.e3 Nb8d7
8.Bf1d3 dxc4
9.Bd3xc4 Bf8d6
10.O-O O-O
11.Nc3e4 Qf6e7
12.Ne4xd6 Qe7xd6
13.Ra1c1 b6
14.Qd1e2 a5
15.Rf1d1 Bc8b7
16.Bc4d3 Ra8c8
17.h3 Qd6b8
18.Bd3a6 c5
19.Ba6xb7 Qb8xb7
20.Qe2d3 Rf8d8
21.Qd3e2 cxd4
22.Nf3xd4 Rc8xc1
23.Rd1xc1 Nd7c5
{ draw }
1/2-1/2

[Event "Tourn. n9741"]
[Site "www.chess-mail.com"]
[Date "2018.03.07"]
[Round "1"]
[White "Coolant"]
[Black "Mitja"]
[WhiteElo "2240"]
[BlackElo "2080"]
[Result "1-0"]
[Round "1"]
1.Nb1c3 d5
2.d4 e6
3.e4 dxe4
4.Nc3xe4 c6
5.Ng1f3 h6
6.Bf1d3 Ng8f6
7.O-O b6
8.Rf1e1 Bc8b7
9.c4 Bf8e7
10.Qd1e2 Nb8d7
11.Bc1f4 Nf6xe4
12.Bd3xe4 Nd7f6
13.Be4c2 Be7b4
14.Re1d1 Bb4e7
15.Nf3e5 O-O
16.g4 Nf6h7
17.Qe2d3 f5
18.Ne5g6 Rf8f7
19.Rd1e1 Nh7f8
20.Ng6xf8 Rf7xf8
21.Re1xe6 Be7g5
22.Re6d6 Qd8e7
23.Bf4e5 c5
24.f4 Bg5f6
25.Qd3xf5 g6
26.Qf5xg6 Qe7g7
27.Rd6xf6 Rf8xf6
28.Be5xf6 Qg7xg6
29.Bc2xg6 cxd4
30.Bf6xd4 Ra8d8
31.Bd4c3 Bb7a6
32.b3 Rd8d6
33.Bg6e4 Ba6c8
34.Be4d5 { resign }
1-0

[Event "Tourn. n9682"]
[Site "www.chess-mail.com"]
[Date "2018.03.07"]
[Round "1"]
[White "Ssharp"]
[Black "Danquigley"]
[WhiteElo "2300"]
[BlackElo "2560"]
[Result "0-1"]
[Round "1"]
1.e4 d6
2.d4 Ng8f6
3.Nb1d2 e5
4.c3 Nb8d7
5.Ng1f3 Bf8e7
6.h3 O-O
7.Bf1c4 exd4
8.Nf3xd4 Nd7c5
9.Qd1f3 a5
10.O-O Rf8e8
11.b4 Nc5d7
12.Bc4b3 Nd7e5
13.Qf3e3 axb4
14.cxb4 Be7f8
15.f4 Ne5g6
16.Bc1b2 d5
17.e5 Bf8xb4
18.a3 Bb4xd2
19.Qe3xd2 Nf6e4
20.Qd2e1 c5
21.Nd4e2 Ra8a6
22.Bb3c2 Ra6b6
23.Bb2c1 Ng6h4
24.Bc2xe4 dxe4
 { time }
0-1

[Event "Match"]
[Site "www.echecsemail.com"]
[Date "2018.03.07"]
[Round "1"]
[White "Caspito"]
[Black "Darknight"]
[WhiteElo "1970"]
[BlackElo "1730"]
[Result "0-1"]
[Round "1"]
1.e4 e5
2.Ng1f3 d6
3.d4 exd4
4.Qd1xd4 h6
5.Nb1c3 c6
6.Bc1f4 Ng8f6
7.Bf1d3 a6
8.O-O Bc8g4
9.Nf3h4 g5
10.Nh4f5 Bg4xf5
11.exf5 gxf4
12.Ra1e1 Kd7
13.Nc3a4 c5
14.Na4xc5 Kc8
15.Qd4c3 dxc5
16.Re1d1 Qd8b6
17.Bd3c4 Rh8h7
18.Rf1e1 Nb8d7
19.a3 Kb8
20.b4 cxb4
21.Qc3f3 Qb6c7
22.Qf3b3 Nd7e5
23.Bc4d5 a5
24.a4 Ka7
25.Qb3b2 Bf8d6
26.h3 Ra8g8
27.Kh2 f3
28.Re1g1 Ne5c4
{ resign }
0-1

[Event "Match"]
[Site "www.echecsemail.com"]
[Date "2018.03.07"]
[Round "1"]
[White "Zack1984"]
[Black "Caspito"]
[WhiteElo "1809"]
[BlackElo "1960"]
[Result "0-1"]
[Round "1"]
1.b4 e5
2.Bc1b2 f6
3.a3 d5
4.e3 Ng8h6
5.Ng1f3 Bc8g4
6.c4 e4
7.h3 Bg4xf3
8.gxf3 f5
9.cxd5 Qd8xd5
10.Nb1c3 Qd5e6
11.fxe4 fxe4
12.Nc3b5 Bf8d6
13.Bb2xg7 Rh8g8
14.Qd1h5 Nh6f7
15.Rh1g1 Nb8c6
16.Ra1c1 O-O-O
 { time }
0-1

[Event "Match"]
[Site "www.echecsemail.com"]
[Date "2018.03.07"]
[Round "1"]
[White "Pellix84"]
[Black "Zack1984"]
[WhiteElo "2060"]
[BlackElo "1809"]
[Result "1-0"]
[Round "1"]
1.d4 Ng8f6
2.c4 g6
3.Nb1c3 Bf8g7
4.Ng1f3 O-O
5.e4 d6
6.Bf1e2 Nb8d7
7.O-O e5
8.dxe5 Nd7xe5
9.h3 Ne5xf3
10.Be2xf3 Bc8e6
11.Qd1b3 Nf6d7
12.Nc3d5 Nd7c5
13.Qb3c2 f5
14.Rf1e1 fxe4
15.Bf3xe4 c6
16.Nd5f4 Be6d7
17.Bc1d2  { time }
1-0

[Event "Match"]
[Site "www.echecsemail.com"]
[Date "2018.03.07"]
[Round "1"]
[White "Chapi"]
[Black "Darknight"]
[WhiteElo "2100"]
[BlackElo "1750"]
[Result "1-0"]
[Round "1"]
1.d4 d5
2.c4 e6
3.Nb1c3 h6
4.cxd5 exd5
5.e4 c5
6.b3 g6
7.Nc3xd5 Bf8g7
8.Bc1f4 Nb8c6
9.Nd5c7 Kf8
10.Nc7xa8 Bc8d7
11.Na8c7 a6
12.Ra1c1 Bg7xd4
13.Ng1f3 Bd7g4
14.Bf1e2 Qd8e7
15.Nf3xd4 Bg4xe2
16.Qd1xe2 Nc6xd4
17.Qe2e3 Ng8f6
18.f3 h5
19.O-O h4
20.b4 Kg7
21.Rc1xc5 Rh8d8
22.Nc7d5 Nf6xd5
23.Qe3xd4 Nd5f6
24.Qd4e5 Rd8d7
25.Qe5xe7 Rd7xe7
26.Bf4g5 h3
27.e5 Nf6d7
28.Bg5xe7 Nd7xc5
29.Be7xc5 b5
30.Rf1d1 hxg2
31.Rd1d7 { resign }
1-0

[Event "Match"]
[Site "www.echecsemail.com"]
[Date "2018.03.07"]
[Round "1"]
[White "Ericleo1980"]
[Black "Mdesouza"]
[WhiteElo "2240"]
[BlackElo "2300"]
[Result "0-1"]
[Round "1"]
1.e4 c5
2.Ng1f3 Nb8c6
3.d4 cxd4
4.Nf3xd4 e5
5.Nd4b5 a6
6.Nb5d6 Bf8xd6
7.Qd1xd6 Qd8f6
8.Qd6d1 Ng8e7
9.Nb1c3 Qf6g6
10.h4 h5
11.Bc1g5 d5
12.exd5 Nc6b4
13.Bf1d3 Nb4xd3
14.Qd1xd3 Bc8f5
15.Qd3g3 f6
16.Bg5e3 Qg6xg3
17.fxg3 Bf5xc2
18.Kd2 Bc2f5
 { time }
0-1

[Event "Match"]
[Site "www.echecsemail.com"]
[Date "2018.03.07"]
[Round "1"]
[White "Silikon"]
[Black "Sonny1000"]
[WhiteElo "1760"]
[BlackElo "1560"]
[Result "1-0"]
[Round "1"]
1.e4 e5
2.Ng1f3 f6
3.Nb1c3 c6
4.d4 Bf8d6
5.Bf1c4 h5
6.Bc1e3 Bd6b4
7.a3 Bb4xc3
8.bxc3 a5
9.O-O h4
10.Bc4xg8 Rh8xg8
11.Nf3xh4 g6
12.Rf1e1 a4
13.Qd1g4 d6
14.Nh4f5 Qd8a5
15.Nf5xd6 Ke7
16.Nd6xc8 Rg8xc8
17.Qg4xc8 Nb8d7
18.Qc8xb7 Ra8h8
19.Qb7b4 Qa5xb4
20.axb4 Nd7b6
21.d5 Nb6c4
22.dxc6 Rh8c8
23.b5 Ke6
24.Re1d1 g5
25.b6 Nc4xb6
26.Be3xb6 Rc8xc6
27.Bb6a5 Rc6a6
28.Ra1xa4 Ra6a7
29.c4 g4
30.c5 Ke7
31.c6 Ra7a8
32.c7 Ra8c8
33.Rd1d8 Rc8xd8
34.cxd8Q Kf7
35.h3 Kg6
36.hxg4 Kg5
37.Qd8g8 Kf4
38.Ba5d2 { resign }
1-0

[Event "Match"]
[Site "www.echecsemail.com"]
[Date "2018.03.07"]
[Round "1"]
[White "Add"]
[Black "Apdash"]
[WhiteElo "2100"]
[BlackElo "2160"]
[Result "1-0"]
[Round "1"]
1.e4 c5
2.Ng1f3 Nb8c6
3.d4 cxd4
4.Nf3xd4 d6
5.Nb1c3 Qd8b6
6.Nd4f3 Bc8g4
7.Bf1e2 e6
8.h3 Bg4h5
9.O-O Ng8f6
10.b3 Bf8e7
11.Bc1b2 O-O
12.Nc3a4 Qb6c7
13.Nf3d2 Bh5xe2
14.Qd1xe2 a6
15.Qe2e3 b5
16.Na4c3 Nc6b4
17.Rf1c1 Qc7c5
18.Qe3e2 e5
19.a3 Nb4c6
20.b4 Qc5a7
21.Qe2d3 Ra8d8
22.Nc3d5 Nf6xd5
23.Qd3xd5 Qa7b6
24.Nd2f3 Be7f6
25.c4 Nc6d4
26.Nf3xd4 exd4
27.cxb5 Qb6xb5
28.Rc1d1 Qb5e2
29.Bb2xd4 Bf6xd4
30.Qd5xd4 Rf8e8
31.Rd1e1 Qe2b5
32.Ra1c1 Qb5b7
33.f3 h6
34.Re1e3 Re8e5
35.Re3c3 Re5g5
36.Rc3c7 Qb7b5
37.Qd4c4 Qb5b6
38.Kf1 Rd8f8
39.Rc7c6 Qb6e3
40.Rc6xd6 a5
41.Rd6d3 Qe3a7
42.b5 a4
43.Rc1b1 Rg5c5
44.Qc4b4 Rf8c8
45.Qb4d4 Rc5c1
46.Rb1xc1 Rc8xc1
47.Ke2 Rc1c2
48.Kf1 Rc2c1
49.Kf2 Rc1c2
50.Ke3 Qa7xd4
51.Rd3xd4 Rc2c3
52.Rd4d3 Rc3c5
53.Rd3d8 Kh7
54.b6 Rc5b5
55.Rd8b8 Rb5b3
56.Kd4 Rb3xa3
57.b7 Ra3b3
58.Kc5 a3
59.Kc6 Rb3b2
60.Rb8a8 a2
61.Ra8xa2 Rb2xa2
62.b8Q Ra2c2
63.Kd5 Rc2d2
64.Kc4 Rd2xg2
65.h4 Rg2f2
66.Qb8f4 Kg8
67.Qf4g3 Rf2d2
68.h5 Rd2d8
69.e5 Kf8
70.f4 Kg8
71.f5 Kf8
72.f6 gxf6
73.exf6 Rd8c8
74.Kb5 { resign }
1-0

[Event "Match"]
[Site "www.echecsemail.com"]
[Date "2018.03.07"]
[Round "1"]
[White "Guidom"]
[Black "Odd"]
[WhiteElo "2070"]
[BlackElo "1809"]
[Result "1-0"]
[Round "1"]
1.e4 g5
2.d4 e6
3.e5 c6
4.Ng1f3 h6
5.Bf1d3 d6
6.O-O Qd8c7
7.Rf1e1 Bf8e7
8.c4 d5
9.c5 b6
10.b4 Nb8a6
11.a3  { time }
1-0

[Event "Match"]
[Site "www.echecsemail.com"]
[Date "2018.03.07"]
[Round "1"]
[White "Fangshuo"]
[Black "Apdash"]
[WhiteElo "2060"]
[BlackElo "2160"]
[Result "1-0"]
[Round "1"]
1.e4 e6
2.Ng1f3 d5
3.exd5 exd5
4.d4 c5
5.Bf1b5 Bc8d7
6.Bb5xd7 Qd8xd7
7.Nf3e5 Qd7b5
8.Nb1c3 Qb5b4
9.a3 Qb4xd4
10.Qd1xd4 cxd4
11.Nc3xd5 Nb8a6
12.O-O f6
13.Ne5f3 Ra8d8
14.Nd5f4 Kf7
15.b4 g5
16.Nf4d3 g4
17.Nf3d2 Bf8g7
18.b5 Na6c7
19.a4 Ng8e7
20.Rf1e1 b6
21.Nd2c4 Ne7d5
22.Bc1a3 Bg7f8
23.Ba3xf8 Rh8xf8
24.Re1e4 Nd5c3
25.Re4xg4 Nc7e6
26.Nd3b4 f5
27.Rg4h4 Kg7
28.Nb4c6 Rd8d7
29.Nc4e5 Rd7c7
30.Ne5f3 a6
31.Nf3xd4 Rf8f6
32.bxa6 Ne6xd4
33.Nc6xd4 Rf6f8
34.Nd4b5 Nc3e2
35.Kf1 Rc7xc2
36.Ra1e1 Ne2c3
37.Rh4c4 Rf8a8
38.Rc4c7 Kg8
39.Rc7xc3 Rc2xc3
40.Nb5xc3 Ra8xa6
41.Re1e5 { resign }
1-0

[Event "Fast Game"]
[Site "www.echecsemail.com"]
[Date "2018.03.07"]
[Round "1"]
[White "Fegatux"]
[Black "Attatroll"]
[WhiteElo "1599"]
[BlackElo "1720"]
[Result "1-0"]
[Round "1"]
1.d4 Ng8f6
2.c4 e5
3.dxe5 Nf6g4
4.Ng1f3 Nb8c6
5.e3 Bf8b4
6.Bc1d2 Qd8e7
7.a3 Bb4xd2
8.Nb1xd2 O-O
9.Bf1e2 Ng4xe5
10.O-O d6
11.Nf3d4 Nc6xd4
12.exd4 Ne5g6
13.Be2f3 c6
14.Rf1e1 Qe7f6
15.Nd2e4 Qf6f4
16.g3 Qf4h6
17.Ne4xd6 Rf8d8
18.Nd6xc8 Ra8xc8
19.b4 Rd8e8
20.Qd1d3 Rc8d8
21.a4 Ng6e7
22.Re1e2 Kf8
23.Ra1e1 Ne7g8
24.Re2xe8 Rd8xe8
25.Re1xe8 Kxe8
26.Qd3e3 Ng8e7
27.Qe3xh6 gxh6
28.Bf3e4 Ne7g6
29.f4 Ke7
30.h4 Kf6
31.Kf2 h5
32.Be4f3 Kf5
33.Ke3 Ng6f8
34.Bf3xh5 f6
35.Bh5f3 Nf8e6
36.g4 Kg6
37.f5 { resign }
1-0

[Event "Tourn. n9736"]
[Site "www.chess-mail.com"]
[Date "2018.03.08"]
[Round "1"]
[White "Louis"]
[Black "Andychesston"]
[WhiteElo "1990"]
[BlackElo "1940"]
[Result "0-1"]
[Round "1"]
1.b4 e5
2.Bc1b2 Nb8c6
3.b5 Nc6d4
4.e3 Nd4xb5
5.Bf1xb5 Bf8d6
6.Ng1f3 c6
7.Bb5c4 Qd8f6
8.d4 e4
9.Nf3e5 Bd6xe5
10.dxe5 Qf6g6
11.O-O Ng8e7
12.Nb1c3 b5
13.Bc4b3 Bc8b7
14.f3 Ne7f5
15.Nc3xe4 Nf5xe3
16.Ne4d6 Ke7
17.Qd1e2 Ne3xf1
18.Bb3xf7 Qg6h6
19.Nd6f5 Kxf7
20.Nf5xh6 Kg6
21.Nh6g4 Nf1xh2
22.Qe2d3 Kg5
23.Bb2c1 Kh4
24.f4 Kxg4
{ resign }
0-1

[Event "Tourn. n9720"]
[Site "www.chess-mail.com"]
[Date "2018.03.08"]
[Round "1"]
[White "Cal"]
[Black "Hansen"]
[WhiteElo "1470"]
[BlackElo "1520"]
[Result "1-0"]
[Round "1"]
1.c4 e5
2.e4 Bf8c5
3.Ng1f3 Ng8f6
4.a3 Nf6xe4
5.d3 Ne4xf2
6.Qd1d2 Nf2xh1
7.Nb1c3 c6
8.g3 Nh1f2
9.b4 Bc5d4
10.Bc1b2 Qd8f6
11.Nc3e4 Qf6xf3
12.Bb2xd4 Nf2xe4
13.dxe4 Qf3xe4
14.Bd4e3 f5
15.Bf1g2 Qe4g4
16.Qd2f2 d6
17.h3 Qg4xc4
18.Bg2f1 Qc4c3
19.Be3d2 Qc3xa1
20.Ke2 Bc8e6
21.Qf2f3 Be6c4
22.Kf2 Qa1xf1
23.Ke3 Qf1g1
24.Qf3f2 f4
25.gxf4 exf4
26.Kf3 Qg1d1
27.Ke4 d5
28.Ke5 Nb8d7
29.Kd6 f3
30.Qf2e3 Kd8
31.Qe3e7 Kc8
32.Qe7xd7 Kb8
33.Qd7c7 { resign }
1-0

[Event "Tourn. n9714"]
[Site "www.chess-mail.com"]
[Date "2018.03.08"]
[Round "1"]
[White "Esperanza"]
[Black "Mitja"]
[WhiteElo "2020"]
[BlackElo "2060"]
[Result "1-0"]
[Round "1"]
1.d4 d5
2.c4 dxc4
3.Ng1f3 c6
4.e3 e6
5.Bf1xc4 Nb8d7
6.O-O Nd7b6
7.Bc4d3 Ng8e7
8.Nb1c3 Ne7g6
9.e4 Bf8e7
10.e5 Nb6d5
11.g3 Nd5xc3
12.bxc3 b6
13.Bc1e3 Bc8b7
14.Qd1d2 Qd8c7
15.Be3g5 Be7xg5
16.Nf3xg5 h6
17.Ng5e4 O-O
18.Ne4d6 Ra8b8
19.Bd3xg6 fxg6
20.Qd2d3 g5
21.Qd3g6 Qc7d7
22.f4 gxf4
23.Rf1xf4 Bb7a6
24.Rf4g4 Ba6e2
25.Rg4h4 Kh8
26.Ra1e1 Be2a6
27.g4 Rf8f4
28.Rh4xh6 gxh6
29.Qg6xh6 Qd7h7
30.Qh6xf4 Qh7h4
31.Qf4f6 Qh4xf6
32.exf6 { resign }
1-0

[Event "Tourn. n9695"]
[Site "www.chess-mail.com"]
[Date "2018.03.08"]
[Round "1"]
[White "Sorim"]
[Black "Libiesse"]
[WhiteElo "2050"]
[BlackElo "1830"]
[Result "1-0"]
[Round "1"]
1.d4 d5
2.Ng1f3 e6
3.Bc1f4 Ng8f6
4.e3 c5
5.dxc5 Bf8xc5
6.c4 Nb8c6
7.Nb1c3 O-O
8.Bf1e2 Rf8e8
9.O-O e5
10.Bf4g5 d4
11.exd4 exd4
12.Nc3d5 Bc8e6
13.Nd5xf6 gxf6
14.Bg5h4 Kh8
15.a3 Re8g8
16.b4 Bc5e7
17.b5 Nc6a5
18.Nf3xd4 Be6h3
19.Bh4g3 Bh3e6
20.Nd4xe6 fxe6
21.Qd1c2 Ra8c8
22.Qc2e4 Qd8b6
23.Rf1d1 Be7c5
24.Rd1d7 Rg8g7
25.Ra1d1 Bc5e7
26.Bg3d6 Be7xd6
27.Rd1xd6 { resign }
1-0

[Event "Tourn. n9721"]
[Site "www.chess-mail.com"]
[Date "2018.03.08"]
[Round "1"]
[White "Odin"]
[Black "Bojan"]
[WhiteElo "1910"]
[BlackElo "1980"]
[Result "0-1"]
[Round "1"]
1.d4 d5
2.c4 dxc4
3.Nb1c3 c6
4.a4 e5
5.e3 exd4
6.exd4 Bc8e6
7.Qd1e2 Bf8b4
8.Bc1d2 Ng8f6
9.Ng1f3 O-O
10.Nf3g5 Be6d5
11.Ng5f3 Rf8e8
12.Nf3e5 Re8e6
13.Nc3xd5 Bb4xd2
14.Kxd2 Qd8xd5
15.f3 Qd5xd4
16.Kc2 Re6xe5
17.Qe2xc4 Re5c5
18.Qc4xc5 Qd4xc5
19.Kb1 Nb8a6
20.Bf1xa6 bxa6
21.Rh1c1 Qc5d6
22.g3 Ra8e8
23.Ka2 Re8e2
24.Kb1 Qd6d3
25.Ka2 Qd3xf3
26.Rc1c3 Qf3xc3
{ resign }
0-1

[Event "Tourn. n9744"]
[Site "www.chess-mail.com"]
[Date "2018.03.08"]
[Round "1"]
[White "Bira47"]
[Black "Bojan"]
[WhiteElo "2040"]
[BlackElo "1820"]
[Result "1/2-1/2"]
[Round "1"]
1.c4 g6
2.g3 Bf8g7
3.Bf1g2 c6
4.Nb1c3 e6
5.e3 Ng8e7
6.Ng1e2 d5
7.b3 Ne7f5
8.Ra1b1 d4
9.exd4 Nf5xd4
10.Ne2xd4 Bg7xd4
11.O-O Nb8d7
12.Nc3e4 Nd7f6
13.Ne4xf6 Qd8xf6
14.d3 Bc8d7
15.h4 e5
16.Bc1g5 Qf6g7
17.Bg5e3 Bd7e6
18.Be3xd4 exd4
19.Rf1e1 h5
20.Qd1f3 O-O
21.Qf3f4 Kh7
22.Qf4e5 Qg7xe5
23.Re1xe5 Ra8b8
24.c5 Rf8e8
25.Rb1e1 Re8f8
26.f4 Be6f5
27.Bg2e4 Bf5g4
28.f5 Kg7
29.fxg6 fxg6
30.Re5e7 Rf8f7
31.Be4g2 Rb8f8
32.b4 a6
33.a4 Kh6
34.b5 axb5
35.axb5 Bg4d7
36.b6 Bd7c8
37.Re7e8 Rf8xe8
38.Re1xe8 Bc8g4
39.Re8d8 Bg4d7
40.Rd8h8 Kg7
41.Rh8b8 Bd7g4
42.Bg2e4 Bg4e6
43.Rb8d8 Be6d7
44.Kg2 Kh7
45.Rd8b8 Bd7g4
46.Rb8d8 Bg4d7
47.Be4f3 Kg7
48.Rd8b8 Bd7f5
49.Bf3e4 Bf5g4
50.Rb8d8 Bg4d7
{ draw }
1/2-1/2

[Event "Tourn. n9723"]
[Site "www.chess-mail.com"]
[Date "2018.03.08"]
[Round "1"]
[White "Falcoale"]
[Black "Zack1984"]
[WhiteElo "1970"]
[BlackElo "1809"]
[Result "1-0"]
[Round "1"]
1.e4 Ng8f6
2.e5 Nf6d5
3.d4 d6
4.c4 Nd5b6
5.Bc1f4 dxe5
6.Bf4xe5 Nb8c6
7.Ng1f3 Nc6xe5
8.Nf3xe5 g6
9.Bf1e2 Bf8g7
10.b3 c5
11.f4 cxd4
12.Ne5d3 g5
13.fxg5 e5
14.Nb1d2 Qd8xg5
15.O-O O-O
16.Nd2f3 Qg5e3
17.Kh1  { time }
1-0

[Event "Tourn. n9714"]
[Site "www.chess-mail.com"]
[Date "2018.03.08"]
[Round "1"]
[White "Hundegana"]
[Black "Mitja"]
[WhiteElo "2010"]
[BlackElo "2060"]
[Result "1-0"]
[Round "1"]
1.e4 d5
2.e5 c6
3.d4 e6
4.c3 Nb8d7
5.Bf1d3 Nd7b6
6.Ng1f3 h6
7.O-O Ng8e7
8.b3 Ne7g6
9.Bd3xg6 fxg6
10.Qd1d3 g5
11.Qd3g6 Kd7
12.a4 Qd8e8
13.Qg6d3 Kc7
14.a5 Nb6d7
15.c4 g4
16.Nf3e1 h5
17.f4 gxf3
18.Ne1xf3 Bf8e7
19.cxd5 exd5
20.e6 Nd7f6
21.Nf3g5 Rh8f8
22.Bc1f4 Be7d6
23.Bf4xd6 Kxd6
24.Qd3g3 Ke7
25.Qg3c7 Nf6d7
26.exd7 Rf8xf1
27.Kxf1 Bc8xd7
28.Qc7e5 Kd8
29.Qe5xg7 Kc7
30.Qg7e5 Kc8
31.Qe5xe8 Bd7xe8
32.Nb1c3 Kd7
33.Ra1e1 Be8g6
34.h4 Ra8f8
35.Kg1 Rf8f4
36.g3 Rf4xd4
37.Ng5e6 Rd4g4
38.Ne6f8 Kd8
39.Nf8xg6 Rg4xg3
40.Kh2 Rg3xg6
41.Kh3 Rg6g7
42.b4 Kd7
43.b5 Kd6
44.bxc6 bxc6
45.Re1e2 Rg7e7
46.Re2xe7 Kxe7
47.Kg3 Ke6
48.Kf4 a6
49.Nc3a4 Kd6
50.Kg5 d4
51.Kxh5 Kd5
52.Kg6 Kc4
53.h5 Kb4
54.h6 d3
55.Na4b2 d2
56.h7 { resign }
1-0

[Event "Tourn. n9707"]
[Site "www.chess-mail.com"]
[Date "2018.03.08"]
[Round "1"]
[White "Griffo30"]
[Black "Coolant"]
[WhiteElo "2200"]
[BlackElo "2300"]
[Result "1-0"]
[Round "1"]
1.d4 Ng8f6
2.c4 e5
3.dxe5 Nf6e4
4.Ng1f3 Bf8b4
5.Nb1d2 Nb8c6
6.a3 Bb4xd2
7.Bc1xd2 Ne4xd2
8.Qd1xd2 Qd8e7
9.Qd2c3 b6
10.e3 Bc8b7
11.Bf1e2 O-O-O
12.O-O Rd8e8
13.Ra1d1 g5
14.b4 g4
15.Nf3d4 Nc6xe5
16.c5 bxc5
17.bxc5 Rh8g8
18.Qc3b4 Ne5f3
19.Be2xf3 gxf3
20.g3 d5
21.Rd1b1 Bb7a6
22.Rf1c1 Rg8g6
23.Qb4b8 Kd7
24.Qb8xa7 Ba6d3
25.Rb1b7 Re8c8
26.Qa7a4 Kd8
27.Nd4c6 Rg6xc6
28.Qa4xc6 Bd3e4
29.Qc6b5 Qe7e6
30.c6 Qe6h3
31.Qb5f1 Qh3f5
32.a4 Be4d3
33.Qf1d1 Ke7
34.Rb7b4 Bd3e4
35.a5 h5
36.h4 Rc8a8
37.Rb4b7 Kd6
38.Kh2 Ra8xa5
39.Qd1b3 d4
40.Qb3b4 Ke6
41.Rb7xc7 Kf6
42.Qb4xd4 Kg6
43.Qd4d7 { resign }
1-0

[Event "Tourn. n9744"]
[Site "www.chess-mail.com"]
[Date "2018.03.08"]
[Round "1"]
[White "Sefj"]
[Black "Bira47"]
[WhiteElo "1809"]
[BlackElo "2040"]
[Result "1-0"]
[Round "1"]
1.Ng1f3 c5
2.e4 e6
3.c3 a6
4.d4 cxd4
5.Qd1xd4 Nb8c6
6.Qd4d3 h6
7.Bc1f4 b5
8.Bf4d6 Bf8e7
9.Nf3e5 Nc6xe5
10.Bd6xe5 Ng8f6
11.Qd3g3 O-O
12.Bf1d3 d6
13.Be5f4 Nf6h5
14.Qg3f3 Nh5xf4
15.Qf3xf4 Be7g5
16.Qf4g3 e5
17.h4 Bg5f4
18.Qg3f3 Qd8f6
19.Qf3e2 Qf6g6
20.g3 Bf4xg3
21.fxg3 Qg6xg3
22.Kd2 Bc8g4
23.Qe2h2 Qg3f4
24.Kc2 f5
25.Qh2xf4 exf4
26.Nb1d2 f3
27.Ra1f1 fxe4
28.Bd3xe4 Ra8e8
29.Be4xf3 Bg4xf3
30.Nd2xf3 Re8e2
31.Kb3 a5
32.Nf3d4 a4
33.Ka3 b4
34.cxb4 Re2e3
35.Kxa4 Rf8a8
36.Kb5 Ra8xa2
37.b3 Re3e5
38.Kc4 Ra2a8
39.Kd3 Ra8e8
40.Nd4f5 Re5d5
41.Kc4 Rd5e5
42.Nf5xd6 Re8e7
43.Rf1d1 Re7c7
44.Kd4 Re5h5
45.Ke4 Rc7e7
46.Kf4 Re7e2
47.Kg4 Rh5e5
48.b5 h5
49.Kf4 Re5c5
50.Rh1g1 Re2f2
51.Kg3 Rf2c2
52.Rg1f1 Rc2c3
53.Rf1f3 Rc3c1
54.Rd1xc1 Rc5xc1
55.b6 Rc1c6
56.b7 Rc6b6
57.Rf3c3 Kh7
58.Kf4 g6
59.Kg5 Kg7
60.Rc3c7 Kg8
61.Rc7c8 Kg7
62.b8Q Rb6xb8
63.Rc8xb8 { resign }
1-0

[Event "Tourn. n9683"]
[Site "www.chess-mail.com"]
[Date "2018.03.08"]
[Round "1"]
[White "Ssharp"]
[Black "Amaya"]
[WhiteElo "2290"]
[BlackElo "2130"]
[Result "0-1"]
[Round "1"]
1.e4 e6
2.d4 d5
3.e5 c5
4.c3 Nb8c6
5.Ng1f3 Ng8e7
6.a3 cxd4
7.cxd4 Ne7f5
8.Bf1e2 Bf8e7
9.b4 a6
10.O-O O-O
11.Bc1b2 Bc8d7
12.Nb1d2 f6
13.Nd2b3 b6
14.Ra1c1 fxe5
15.dxe5 Bd7e8
16.Nb3d4 Nc6xd4
17.Bb2xd4 b5
18.Bd4b2 Be7g5
19.Nf3xg5 Qd8xg5
20.f4 Qg5h4
21.Rf1f3 Be8g6
22.g3 Qh4e7
23.Bb2d4 Nf5xd4
24.Qd1xd4 Bg6e4
25.Rf3c3 { time. }
0-1

[Event "Tourn. n9705"]
[Site "www.chess-mail.com"]
[Date "2018.03.08"]
[Round "1"]
[White "Rons"]
[Black "Danquigley"]
[WhiteElo "2700"]
[BlackElo "2560"]
[Result "1/2-1/2"]
[Round "1"]
1.e4 d6
2.d4 Ng8f6
3.Nb1c3 g6
4.f4 Bf8g7
5.Ng1f3 O-O
6.Bf1d3 Nb8a6
7.O-O c5
8.d5 Ra8b8
9.Kh1 Na6c7
10.a4 b6
11.Qd1e1 a6
12.Qe1h4 b5
13.axb5 axb5
14.f5 gxf5
15.Bc1h6 Bg7xh6
16.Qh4xh6 b4
17.Nc3e2 Nf6g4
18.Qh6h5 f6
19.exf5 Ng4e5
20.Ne2f4 Ne5xd3
21.cxd3 Qd8e8
22.Qh5h3 Rf8f7
23.Rf1c1 b3
24.d4 Nc7b5
25.dxc5 dxc5
26.Rc1xc5 Nb5d6
27.Nf4e6 Kh8
28.Kg1 Bc8xe6
29.dxe6 Rf7g7
30.Nf3d4 Rb8a8
31.Ra1d1 Rg7g8
32.Rc5c3 Ra8a2
33.Rc3xb3 Qe8a4
34.Qh3f3 Ra2a1
35.Rb3d3 Ra1a2
36.Rd3a3 Ra2xa3
37.bxa3 Nd6c4
38.Qf3b3 Qa4a8
39.Nd4f3 Qa8e4
40.Kh1 Qe4e2
41.Rd1g1 Nc4e3
{ draw }
1/2-1/2

[Event "Tourn. n9736"]
[Site "www.chess-mail.com"]
[Date "2018.03.08"]
[Round "1"]
[White "Falcoale"]
[Black "Odd"]
[WhiteElo "1960"]
[BlackElo "1809"]
[Result "1-0"]
[Round "1"]
1.e4 g5
2.d4 e6
3.f4 h6
4.Nb1c3 Bf8b4
5.Ng1e2 Ng8f6
6.a3 Bb4xc3
7.Ne2xc3 gxf4
8.Bc1xf4 b6
9.Bf1e2 Bc8b7
10.Be2f3 d5
11.exd5 Nf6xd5
12.Nc3xd5 Bb7xd5
13.O-O Nb8c6
14.c3 Qd8d7
15.Qd1d2 Nc6a5
16.Ra1e1 Bd5xf3
17.Rf1xf3 h5
18.d5 O-O-O
19.Rf3d3  { time }
1-0

[Event "Tourn. n9649"]
[Site "www.chess-mail.com"]
[Date "2018.03.08"]
[Round "1"]
[White "Mozgegorov"]
[Black "Picifarkinca"]
[WhiteElo "1729"]
[BlackElo "1650"]
[Result "1-0"]
[Round "1"]
1.e4 c6
2.Ng1f3 d5
3.exd5 cxd5
4.d4 Nb8c6
5.Nb1c3 Ng8f6
6.h3 Bc8f5
7.g4 Bf5g6
8.Nf3h4 e6
9.Nh4xg6 hxg6
10.a3 a6
11.Bc1e3 Bf8d6
12.Bf1g2 Qd8c7
13.Qd1e2 O-O-O
14.O-O-O Kb8
15.Be3g5 Bd6f4
16.Bg5xf4 Qc7xf4
17.Kb1 Nc6xd4
18.Qe2e3 Qf4xe3
19.fxe3 Nd4c6
20.Nc3e2 g5
21.Ne2d4 Nc6xd4
22.Rd1xd4 Nf6e8
23.c4 Ne8c7
24.cxd5 Nc7xd5
25.Rh1d1 Kc7
26.Rd4c4 Kb6
27.Rc4d4 Kc7
28.Bg2xd5 exd5
29.Rd1h1 Rh8e8
30.Rh1c1 Kb6
31.Rd4b4 Ka5
32.Rb4xb7 Rd8c8
33.b4 Ka4
34.Rc1xc8 Re8xc8
35.Kb2 Rc8h8
36.b5 Ka5
37.bxa6 Kxa6
38.Rb7xf7 Rh8xh3
39.Rf7xg7 Rh3xe3
40.Rg7xg5 Re3g3
41.Rg5g8 d4
42.g5 { resign }
1-0

[Event "Tourn. n9759"]
[Site "www.chess-mail.com"]
[Date "2018.03.08"]
[Round "1"]
[White "Sefj"]
[Black "Mitja"]
[WhiteElo "2180"]
[BlackElo "2010"]
[Result "0-1"]
[Round "1"]
1.Ng1f3 d5
2.e4 dxe4
3.Nf3g5 e6
4.Ng5xe4 c6
5.Qd1f3 h6
6.b3 Bf8e7
7.Bc1b2 Ng8f6
8.Ne4g3 Qd8c7
9.Bf1d3 b6
10.O-O Bc8b7
11.Qf3e2 Nb8d7
12.Nb1c3 O-O
13.Nc3e4 Nf6xe4
14.Qe2xe4 g6
15.Qe4g4 Kh7
16.Ra1e1 c5
17.Ng3h5 Qc7d8
18.Re1xe6 Nd7f6
19.Re6xe7 Nf6xg4
20.Re7xb7 Qd8d6
21.g3 Ng4e5
22.Bb2xe5 Qd6xe5
23.Bd3xg6 Kg8
24.d4 Qe5xd4
25.Bg6f5 Qd4e5
26.g4 Rf8e8
27.Bf5d3 Re8e7
28.Rb7xe7 Qe5xe7
29.f3 Qe7e3
30.Kg2 Ra8d8
31.Rf1d1 Rd8d4
32.Nh5f6 Kf8
33.Kg3 Qe3f4
34.Kh3 Qf4xf3
35.Kh4 Qf3xf6
36.Kg3 Qf6f4
37.Kg2 Qf4xg4
38.Kh1 Qg4xd1
39.Kg2 Rd4g4
40.Kh3 Qd1f3

0-1

[Event "Tourn. n9682"]
[Site "www.chess-mail.com"]
[Date "2018.03.08"]
[Round "1"]
[White "Danquigley"]
[Black "Gvladutz"]
[WhiteElo "2560"]
[BlackElo "2490"]
[Result "1-0"]
[Round "1"]
1.d4 Ng8f6
2.c4 g6
3.Nb1c3 d5
4.cxd5 Nf6xd5
5.g3 Bf8g7
6.Bf1g2 Nd5xc3
7.bxc3 O-O
8.e3 e5
9.Ng1f3 exd4
10.cxd4 Bc8e6
11.O-O Nb8d7
12.e4 c5
13.Bc1e3 Qd8a5
14.Ra1c1 Qa5xa2
15.Rc1a1 Qa2c4
16.Nf3d2 Qc4d3
17.d5 Bg7xa1
18.Qd1xa1 Be6g4
19.Rf1b1 Bg4e2
20.Bg2h3 f5
21.Rb1xb7 Rf8f7
22.Rb7b3 Qd3a6
23.Rb3a3 Qa6f6
24.Qa1a2 Ra8b8
25.f4 Rb8b2
26.Qa2a1 Qf6b6
27.e5 Qb6b4
28.Ra3a2 Rb2xa2
29.Qa1xa2 Nd7b6
30.d6 Qb4c3
31.Qa2b3 Qc3a1
32.Kf2 Be2d1
33.Qb3d3 Qa1a2
34.Be3xc5 Nb6d7
35.Bc5e3 Bd1c2
36.Qd3e2 Bc2b3
37.Nd2xb3 Qa2xb3
38.Bh3f1 Nd7b6
39.Qe2b5 Qb3a2
40.Kg1 Kg7
41.Be3d4 Kh6
42.Qb5e8 Qa2d5
43.Bd4xb6 axb6
44.e6 Qd5c5
45.Kg2 Rf7f6
46.d7 Rf6f8
47.Kh3 Rf8xe8
48.dxe8Q Qc5f2
49.Bf1b5 Qf2b2
50.e7 Kh5
51.Qe8g8 { resign }
1-0

[Event "Tourn. n9743"]
[Site "www.chess-mail.com"]
[Date "2018.03.08"]
[Round "1"]
[White "Cal"]
[Black "Muderfuger"]
[WhiteElo "1530"]
[BlackElo "1580"]
[Result "1-0"]
[Round "1"]
1.d4 Nb8c6
2.Ng1f3 e6
3.a3 g5
4.Bc1xg5 f6
5.Bg5h4 Bf8h6
6.e4 Ng8e7
7.Bf1d3  { time }
1-0

[Event "Match"]
[Site "www.echecsemail.com"]
[Date "2018.03.08"]
[Round "1"]
[White "Goofy"]
[Black "Gidi5"]
[WhiteElo "2350"]
[BlackElo "2260"]
[Result "1-0"]
[Round "1"]
1.e4 e6
2.d4 d5
3.Nb1c3 Ng8f6
4.Bc1g5 Bf8e7
5.e5 Nf6d7
6.h4 h6
7.Bg5e3 Be7xh4
8.Qd1g4 { resign }
1-0